<?xml version="1.0" encoding="UTF-8"?>
<collection xmlns="http://www.loc.gov/MARC21/slim">
  <record>
    <leader>00000nam  2200000   4500</leader>
    <controlfield tag="001">INLIS000000000018454</controlfield>
    <controlfield tag="005">20241118095057</controlfield>
    <datafield tag="035" ind1="#" ind2="#">
      <subfield code="a">0010-1124000120</subfield>
    </datafield>
    <controlfield tag="007">ta</controlfield>
    <controlfield tag="008">241118###########################0######</controlfield>
    <datafield tag="245" ind1="#" ind2="#">
      <subfield code="a">TANGKAS :</subfield>
      <subfield code="b">Tata Waktu dan Jadwal melalui Google Calender /</subfield>
      <subfield code="c">Andi Nurhidayah, M.Pd</subfield>
    </datafield>
    <datafield tag="260" ind1="#" ind2="#">
      <subfield code="a">Makassar :</subfield>
      <subfield code="b">Puslatbang KMP LAN RI,</subfield>
      <subfield code="c">2024</subfield>
    </datafield>
    <datafield tag="300" ind1="#" ind2="#">
      <subfield code="a">59 ;</subfield>
      <subfield code="c">30</subfield>
    </datafield>
    <datafield tag="650" ind1="#" ind2="4">
      <subfield code="a">Untuk memberikan pemahaman dan keterampilan praktis kepada mahasiswa dalam mengatur jadwal perkuliahan, tugas,dan aktivitas akademik lainnya secara efektif</subfield>
    </datafield>
    <datafield tag="700" ind1=" " ind2="#">
      <subfield code="a">Dr. Taslim D. Nur, S.Pd., M.Pd (Mentor)</subfield>
    </datafield>
    <datafield tag="700" ind1=" " ind2="#">
      <subfield code="a">Ahmad Sukarno Syahrir, S.IP., M.Adm. SDA (Coach)</subfield>
    </datafield>
    <datafield tag="520" ind1="#" ind2="#">
      <subfield code="a">Kedisiplinan mahasiswa dalam mengatur waktu dan menyelesaikan tugas merupakan aspek penting dalam keberhasilan akademik. Namun, masih banyak mahasiswa yang mengalami kesulitan dalam manajemen waktu, seperti sering terlambat mengumpulkan tugas dan tidak konsisten menghadiri perkuliahan. Melalui kegiatan aktualisasi ini, dilakukan sosialisasi dan pelatihan penggunaan aplikasi Google Calendar sebagai alat bantu untuk meningkatkan kedisiplinan mahasiswa. Kegiatan ini bertujuan untuk memberikan pemahaman dan keterampilan praktis kepada mahasiswa dalam mengatur jadwal perkuliahan, tugas, dan aktivitas akademik lainnya secara efektif.&#13;
&#13;
Pelaksanaan kegiatan meliputi enam kegiatan yaitu: Melakukan penyiapan bahan pelaksanaan kegiatan penggunaan aplikasi Google Calendar untuk membatu meningkatkan kedisiplinan mahasiswa; Membuat rancangan jadwal pada Google Calendar: Menyusun pelaksanaan kegiatan sosialisasi tentang pentingnya manajemen waktu dalam kedisiplinan mahasiswa dengan bantuan Google Calendar, Melakukan kegiatan sosialisasi tentang penerapan Google Calendar dalam mengatur waktu untuk membantu menjadi mahasiswa disiplin; Melakukan evaluasi hasil pelaksanaan kegiatan.; dan Melakukan survey kepuasan ke mahasiswa mengenai aktualisasi yang dilakukan dan menyebarkan kuesioner setelah sosialisasi.&#13;
&#13;
Hasil kegiatan menunjukkan bahwa mahasiswa menjadi lebih teratur dalam mengelola jadwal perkuliahan dan lebih disiplin dalam menyelesaikan tugas. Kegiatan ini tidak hanya berdampak pada peningkatan kedisiplinan mahasiswa, tetapi juga memberikan kontribusi positif dalam pencapaian akademik yang lebih baik. Tindak lanjut dari kegiatan ini adalah pengembangan program berkelanjutan untuk memantau kedisiplinan mahasiswa melalui integrasi teknologi dalam kehidupan akademik sehari-hari</subfield>
    </datafield>
    <datafield tag="856" ind1="#" ind2="#">
      <subfield code="a">Puslatbang KMP LAN</subfield>
    </datafield>
  </record>
</collection>
